El tizón de la nobleza / (Record no. 15294)

MARC details
000 -LEADER
campo de control de longitud fija 00781nam a22002415i 4500
001 - NÚMERO DE CONTROL
campo de control 15294
003 - IDENTIFICADOR DE NÚMERO DE CONTROL
campo de control ES-MaACL
005 - FECHA Y HORA DE LA ÚLTIMA TRANSACCIÓN
campo de control 20251113063052.0
007 - CAMPO FIJO DE DESCRIPCIÓN FÍSICA--INFORMACIÓN GENERAL
campo de control de longitud fija t|
008 - DATOS DE LONGITUD FIJA--INFORMACIÓN GENERAL
campo de control de longitud fija 000214s1992 sp ||||0| spa j
020 ## - NÚMERO INTERNACIONAL ESTÁNDAR DEL LIBRO
Número Internacional Estándar del Libro 84-604-3977-1
040 ## - FUENTE DE CATALOGACIÓN
Centro catalogador/agencia de origen M-BN
Lengua de catalogación spa
Centro/agencia transcriptor M-BN
080 ## - NÚMERO DE LA CLASIFICACIÓN DECIMAL UNIVERSAL
Número de la Clasificación Decimal Universal 929.52(460)
100 0# - ENTRADA PRINCIPAL--NOMBRE DE PERSONA
Nombre de persona Mendoza y Bobadilla, Francisco,
Fechas asociadas al nombre 1508-1566
9 (RLIN) 80270
245 13 - MENCIÓN DEL TÍTULO
Título El tizón de la nobleza /
Mención de responsabilidad, etc. por el Cardenal Mendoza.
260 ## - PUBLICACIÓN, DISTRIBUCIÓN, ETC.
Lugar de publicación, distribución, etc. Madrid :
Nombre del editor, distribuidor, etc. Colegio Heráldico de España y de la Indias,
Fecha de publicación, distribución, etc. [1992]
300 ## - DESCRIPCIÓN FÍSICA
Extensión 152 p. ;
Dimensiones 22 cm.
500 ## - NOTA GENERAL
Nota general Tít. tomado de la cub.
651 #4 - PUNTO DE ACCESO ADICIONAL DE MATERIA--NOMBRE GEOGRÁFICO
Nombre geográfico España-
Subdivisión general Genealogía.
9 (RLIN) 8199
710 2# - ENTRADA AGREGADA--NOMBRE DE ENTIDAD CORPORATIVA
Nombre de entidad corporativa o nombre de jurisdicción como elemento de entrada Colegio Heráldico de España y de las Indias (Madrid)
9 (RLIN) 2920
852 ## - LOCALIZACIÓN
Ubicación ES-MaACL
Número de control de estantería L-22649
Sublocalización o colección R.127867
Holdings
Estatus retirado Estado de pérdida Estado de daño No para préstamo Biblioteca de origen Biblioteca actual Ubicación en estantería Fecha de adquisición Fuente de adquisición Total de préstamos Signatura topográfica completa Código de barras Visto por última vez Precio de reemplazo Tipo de ítem Koha
        Biblioteca del Ateneo de Madrid Biblioteca del Ateneo de Madrid Depósito 2 17/01/2008     L-22649 1015551 23/02/2023 23/02/2023 Libro impreso